000 01207nam a2200265Ia 4500
999 _c44993
_d44993
001 11814
003 GE_BSU
005 20240627112742.0
008 181216s2009||||ge |||||||||||||| ||geo||
020 _a978-9941-0-1859-6
040 _cGE_BSU
041 _ageo
080 _a27-175.2 ვ–25
100 _aვაშაკიძე, გიზო
_918781
245 _aმეშვიდე საყვირი :
_b Apokalipse გამოცხადება /
_cგიზო ვაშაკიძე ; [რედ. : გიორგი ბოჭორიშვილი (მთ. რედ.), მარიამ კიკნაძე].
264 _aთბილისი :
_c2009.
300 _a83 გვ. ;
_c20 სმ.
500 _aყდაზე : მარიამ კიკნაძის ფოტო
653 _aApokalipse გამოცხადება
653 _aაპოკალიფსი
653 _aმეშვიდე საყვირი
700 _aბოჭორიშვილი, გიორგი,
_eრედაქტორი
_922608
700 _aკიკნაძე, მარიამ
_eრედაქტორი
_922609
942 _cBK
_2udc